El método histórico de las generaciones

Guardat en:
Dades bibliogràfiques
Format: Llibre
Idioma:espanyol
Publicat: Madrid Revista de Occidente 1961
Col·lecció:Obras de Julían Marías, 6
Matèries:
Etiquetes: Afegir etiqueta
Sense etiquetes, Sigues el primer a etiquetar aquest registre!

MARC

LEADER 00000nam a2200000 a 4500
001 UCZ4955
003 CL-VaPUC
008 951115e19610000SP |||||||||||||||||spa|d
082 0 4 |a 102  |b MAR  |2 21 
245 1 3 |a El método histórico de las generaciones 
246 1 3 |a La estructura social 
246 1 3 |a El oficio del pensamiento 
300 |a 597 p 
942 |c BK 
945 |d 19951115 00:00:00  |a rleighto 
260 |a Madrid  |b Revista de Occidente  |c 1961 
600 0 |a Comte, Auguste  |9 334591 
600 0 7 |a RANKE, LEOPOLD VON  |2 CL-VaPUC  |9 348918 
600 0 7 |a LORENZ, OTTOKAR  |2 CL-VaPUC  |9 348919 
600 0 7 |a MENTRE, FRANCOIS  |2 CL-VaPUC  |9 348920 
650 7 |a FILOSOFIA SIGLO 19  |2 CL-VaPUC  |9 315034 
650 0 |a Metafísica  |9 265649 
650 0 |a Sociología   |9 255410 
583 |a last modification  |c 20160826 04:05:53  |k Rodrigo Vera 
490 0 |a Obras de Julían Marías, 6 
999 |c 241296  |d 241294 
952 |0 0  |1 0  |4 0  |6 102_000000000000000_MAR_1961  |7 0  |8 A  |9 253589  |a BIBEDU  |b BIBEDU  |d 2019-11-19  |i 3150216  |o 102 MAR 1961  |p 3150216  |r 2019-11-19  |w 2019-11-19  |y BK  |k LIT